Fátima (Registo nº 1768)

Detalhes MARC
000 -Etiqueta do registo
Cabeçalho 00652nam a22002411 4500
005 - Identificador da versão
Campo de controlo 20240813121915.0
021 ## - Número do Depósito Legal
Código do país PT
100 ## - Dados gerais de processamento
Dados gerais de processamento 20070507d1985 da y0pory5003 ba
102 ## - Pais de publicação ou produção
País de publicação Portugal
101 0# - Língua de publicação
Língua do texto, banda sonora, etc. Português
106 ## - Campo de dados codificados: material textual
Dados codificados do material textual r
105 ## - Campo de dados codificados: livros
Dados codificados dos livros a t 000zy
215 ## - Descrição física 
Indicação específica da natureza do documento e extensão da espécie 28 p.
Outras indicações físicas todo il.
Dimensões 29 cm
200 1# - Titulo e menção de responsabilidade
Título próprio Fátima
Primeira menção de responsabilidade Eduardo Teixeira Coelho
210 ## - Publicação, Distribuição, etc. 
Lugar da edição, distribuição, etc. Lisboa
Nome do editor, distribuidor, etc. Futura
Data da publicação, distribuição, etc. cop. 1985
606 ## - Nome comum usado como assunto
Número de registo de entrada de autoridade 0000223
Palavra de ordem Literatura portuguesa infanto-juvenil
Subdivisão de assunto Banda desenhada
675 ## - Classificação Decimal Universal (CDU)
Notação 821.134.3-9
Edição
Língua da edição por
700 #1 - Nome de autor-pessoa física (responsabilidade principal)
Número de registo de entrada de autoridade 0000268
Palavra de ordem Coelho
Outra parte do nome não tomada para palavra de ordem Eduardo Teixeira
Datas 1919-
942 ## - Elementos de entrada adicionados (Koha)
Tipo de item no Koha Livro
Exemplares
Situação do levantamento Origin of item (home branch) (coded) Biblioteca de empréstimo Código de barras Cota Circulation type (not for loan) Tipo de documento Nota do exemplar Damaged status
  Biblioteca Escolar da Coca Maravilhas Biblioteca Escolar da Coca Maravilhas BECM74/90 8BD COE   Livro Sem mensagem